Alabardas

Saved in:
Bibliographic Details
Main Author: Saramago, José, 1922-2010 (Author)
Format: Book
Language:Spanish
Published: Buenos Aires Alfaguara 2014
Edition:1a. ed
Subjects:
Tags: Add Tag
No Tags, Be the first to tag this record!

MARC

LEADER 00000cam a2200000 a 4500
001 UCC0379
003 CL-VaPUC
008 170811e20140000ag |||||||||||||||||spa|d
020 |a 9789877380057 
082 0 4 |a P869  |b SAR  |2 21 
100 |a Saramago, José,   |d 1922-2010   |e author  |9 529702 
245 1 0 |a Alabardas 
250 |a 1a. ed 
300 |a 149 p 
942 |c BK 
945 |d 20170811 15:21:00  |a dcastane 
260 |a Buenos Aires  |b Alfaguara  |c 2014 
650 7 |a LITERATURA PORTUGUESA  |2 CL-VaPUC  |9 370842 
583 |a last modification  |c 20170811 15:21:00  |k Rodrigo Vera 
999 |c 369231  |d 369229